000 00568nam a22001817a 4500
005 20231207133847.0
008 231207b |||||||| |||| 00| 0 eng d
020 _a9781485134374 ; 9781485134466
041 _aEnglish
082 _a348 JUT
100 _lEnglish
245 _aJuta's Statutes of South Africa /
_cJUTA'S STATUTES EDITORS
250 _aTwenty-eighth Edition
260 _aCape Town :
_bJuta and Company (Pty) Ltd,
_c2018
300 _b381 pages ;
_c27 cm.
650 _aLegal practice
_bLaw
942 _cBK
_6ALISON_BN_VRIES
999 _c1161
_d1161